| 000 | 00611nam a2200217Ia 4500 | ||
|---|---|---|---|
| 008 | 230125s9999 xx 000 0 und d | ||
| 020 | _a81-7881-224-X | ||
| 041 | _aeng | ||
| 082 |
_a658.5 _bICF |
||
| 100 | _aICFAI | ||
| 245 | _aWorld class manufacturing : concepts and cases Vol - II | ||
| 250 | _a1st ed | ||
| 260 |
_c2003 _bICFAI publication _aHyderabad |
||
| 300 | _a171p | ||
| 440 | _aICFAI | ||
| 500 | _aManufacturing management;ICFAI Case Studies;World Class Manufacturing | ||
| 650 |
_aProduction Management _9110605 |
||
| 700 | _aICFAI | ||
| 906 | _b56 | ||
| 999 |
_c91299 _d91299 |
||